<?xml version="1.0" encoding="UTF-8"?>
<record
    xmlns:xsi="http://www.w3.org/2001/XMLSchema-instance"
    xsi:schemaLocation="http://www.loc.gov/MARC21/slim http://www.loc.gov/standards/marcxml/schema/MARC21slim.xsd"
    xmlns="http://www.loc.gov/MARC21/slim">

  <leader>01063aab a2200193 i 4500</leader>
  <controlfield tag="001">768714001</controlfield>
  <controlfield tag="003">CO-MdFUSB</controlfield>
  <controlfield tag="005">20240422103645.0</controlfield>
  <controlfield tag="008">240411t1985    ag ||||| |||| 00| 0 spa d</controlfield>
  <datafield tag="040" ind1=" " ind2=" ">
    <subfield code="b">spa</subfield>
    <subfield code="c">CO-MdFUSB</subfield>
  </datafield>
  <datafield tag="041" ind1=" " ind2=" ">
    <subfield code="a">spa</subfield>
  </datafield>
  <datafield tag="100" ind1="1" ind2=" ">
    <subfield code="a">Zukowski de Ram&#xED;rez, Elvira Ester</subfield>
    <subfield code="e">autor</subfield>
  </datafield>
  <datafield tag="245" ind1=" " ind2=" ">
    <subfield code="a">Educaci&#xF3;n teol&#xF3;gica por extensi&#xF3;n</subfield>
    <subfield code="c">/ Elvira Ester Zukowski de Ram&#xED;rez</subfield>
  </datafield>
  <datafield tag="300" ind1=" " ind2=" ">
    <subfield code="a">Volumen 4, n&#xFA;mero 3 (septiembre, 1985), p&#xE1;ginas: 101 - 102</subfield>
    <subfield code="c">; 27 cm</subfield>
  </datafield>
  <datafield tag="520" ind1=" " ind2=" ">
    <subfield code="a">El objetivo es mejorar la educaci&#xF3;n teol&#xF3;gica en el futuro haciendo algunas preguntas, sin ning&#xFA;n intento de socavar los esfuerzos anteriores. El prop&#xF3;sito de estas preguntas es descubrir que hay nuevas posibilidades, que hay maneras de combinar actividades concretas con la preparaci&#xF3;n acad&#xE9;mica y de "desprofesionalizar" la educaci&#xF3;n teol&#xF3;gica para que cumpla su verdadero prop&#xF3;sito.</subfield>
  </datafield>
  <datafield tag="650" ind1=" " ind2="7">
    <subfield code="a">Educaci&#xF3;n cristiana</subfield>
    <subfield code="9">349</subfield>
  </datafield>
  <datafield tag="773" ind1="0" ind2=" ">
    <subfield code="t">Iglesia y Misi&#xF3;n</subfield>
    <subfield code="0">49402</subfield>
    <subfield code="9">59687</subfield>
    <subfield code="g">Volumen 4, n&#xFA;mero 3 (septiembre, 1985), p&#xE1;ginas: 101 - 102</subfield>
    <subfield code="q">p&#xE1;gina: 101</subfield>
  </datafield>
  <datafield tag="942" ind1=" " ind2=" ">
    <subfield code="c">ANA</subfield>
  </datafield>
  <datafield tag="999" ind1=" " ind2=" ">
    <subfield code="c">51609</subfield>
    <subfield code="d">51609</subfield>
  </datafield>
</record>
